| 000 | 00372nam a22001697a 4500 | ||
|---|---|---|---|
| 005 | 20160621160159.0 | ||
| 008 | 160621b xxu||||| |||| 00| 0 eng d | ||
| 020 | _a0333-92903-9 | ||
| 041 | _aeng | ||
| 082 | _b8797 | ||
| 100 |
_aRyan, W.J.L _92420 |
||
| 245 | _aPrice Theory | ||
| 260 |
_bMac Millan _c2000 |
||
| 300 | _a388 | ||
| 650 |
_aManagement _9241 |
||
| 942 | _cBK | ||
| 999 |
_c3428 _d3427 |
||